Đời sống các loài lưỡng cư và bò sát
Cuốn sách này giới thiệu khái quát lịch sử phát triển, tổ chức cơ thể, phân loại, đời sống, tập tính, ý nghĩa của lưỡng cư và bò sát đối với nền kinh tế và đời sống con người,...
Tallennettuna:
| Päätekijä: | |
|---|---|
| Aineistotyyppi: | Kirja |
| Kieli: | Undetermined |
| Julkaistu: |
Hà Nội
Giáo dục
2007
|
| Aiheet: | |
| Tagit: |
Lisää tagi
Ei tageja, Lisää ensimmäinen tagi!
|
| Thư viện lưu trữ: | Trung tâm Học liệu Trường Đại học Cần Thơ |
|---|
| LEADER | 00917nam a2200217Ia 4500 | ||
|---|---|---|---|
| 001 | CTU_128316 | ||
| 008 | 210402s9999 xx 000 0 und d | ||
| 020 | |c 19500 | ||
| 082 | |a 597.9 | ||
| 082 | |b Ng124 | ||
| 100 | |a Lê, Nguyên Ngật | ||
| 245 | 0 | |a Đời sống các loài lưỡng cư và bò sát | |
| 245 | 0 | |c Lê Nguyên Ngật | |
| 260 | |a Hà Nội | ||
| 260 | |b Giáo dục | ||
| 260 | |c 2007 | ||
| 520 | |a Cuốn sách này giới thiệu khái quát lịch sử phát triển, tổ chức cơ thể, phân loại, đời sống, tập tính, ý nghĩa của lưỡng cư và bò sát đối với nền kinh tế và đời sống con người,... | ||
| 650 | |a Reptiles,Amphibians,Bò sát | ||
| 650 | |z Vietnam,Vietnam,Việt Nam | ||
| 904 | |i Giang | ||
| 980 | |a Trung tâm Học liệu Trường Đại học Cần Thơ | ||